Criterios preliminares para la elaboración del plan de cooperación técnica entre instituciones y programas educativos de los seis países de Centroamérica /

Zapisane w:
Opis bibliograficzny
1. autor: Guerra de Gutiérrez, Matilde
organizacja autorów: Coordinación Educativa Centroamericana, Guatemala. Ministerios de Educación el Area
Format: Texto
Wydane: Guatemala: UNESCO
Etykiety: Dodaj etykietę
Nie ma etykietki, Dołącz pierwszą etykiete!

MARC

LEADER 00000 a a2200000 04500
001 20356
003
040
090 |a 084800  
100 |a Guerra de Gutiérrez, Matilde  
110 |a Coordinación Educativa Centroamericana  
245 |a Criterios preliminares para la elaboración del plan de cooperación técnica entre instituciones y programas educativos de los seis países de Centroamérica /  |c Coordinación Educativa Centroamericana  
260 |a Guatemala:   |b UNESCO  
300 |a 159 p.  
710 |a Guatemala. Ministerios de Educación el Area  
999 |c 17174  |d 17174